<The> Impact of Diversification of Provided Services on the Efficiency of the Company

Enregistré dans:
Détails bibliographiques
Auteur principal: Hajduová, Zuzana, 1974-
Format: Chapitre de livre
Langue:anglais
Sujets:
Tags: Ajouter un tag
Pas de tags, Soyez le premier à ajouter un tag!

MARC

LEADER 00000naa$a2200000$$$4500
001 0279460
005 20240502074333.6
041 0 |a eng 
044 |a SK 
245 1 0 |a <The> Impact of Diversification of Provided Services on the Efficiency of the Company  |c Zuzana Hajduová 
500 |a Abstrakt 
610 2 0 |a diverzifikácia 
610 2 0 |a spoločnosti 
610 2 0 |a služby 
100 1 |a Hajduová, Zuzana, 1974-